000 00687nam a2200205 i 4500
001 78847
003 ES-MaACL
005 20230906173831.0
007 t|
008 041018s1972 sp |||| | spa d
080 _a618.3-06
100 1 _aHaynes, Douglas M.
_962210
245 1 0 _aComplicaciones médicas durante el embarazo /
_cDouglas M. Haynes ; versión, José Mª Carrera Maciá y Alfonso Fernández-Cid Fenollera.
260 _aBarcelona :
_bSalvat,
_c[1972]
300 _aX, 669 p. ;
_c25 cm.
650 4 _aEmbarazo-
_xComplicaciones.
_9151124
700 1 _aCarrera Maciá, José María.
_935639
700 1 _aFernández-Cid Fenollera, A.
_949579
852 _aES-MaACL
_jC-48731
999 _c78847
_d78847